书目信息 |
| 题名: |
酶化学影响与应用
|
|
| 作者: | 英C.J.萨克林 主编 | |
| 分册: | ||
| 出版信息: | 北京 科学出版社出版社 1991 |
|
| 页数: | 271 | |
| 开本: | 20cm | |
| 丛书名: | ||
| 单 册: | ||
| 中图分类: | Q55 | |
| 科图分类: | ||
| 主题词: | 酶 | |
| 电子资源: | ||
| ISBN: | 7-03-002466-4 | |
| 000 | 00547nam0 2200181 450 | |
| 001 | 0754114953 | |
| 005 | 20070929150154.95 | |
| 010 | @a7-03-002466-4 | |
| 100 | @a20070929d km y0chiy0120 ea | |
| 101 | 0 | @achi |
| 200 | 1 | @a酶化学影响与应用@Amei hua xue ying xiang yu ying yong@f[英]C.J.萨克林 主编@F[ying]C.J.sa ke lin zhu bian |
| 210 | @a北京@c科学出版社出版社@d1991 | |
| 215 | @a271@c插图@d20cm | |
| 606 | 0 | @a酶 |
| 690 | @aQ55@v3 | |
| 701 | 0 | @a英C.J.萨克林@Aying C.J.sa ke lin@4主编 |
| 801 | 0 | @aCN@bPFT@c20070929 |
| 905 | @a213230@dQ55@eh10@f1 | |
| 酶化学影响与应用/[英]C.J.萨克林 主编.-北京:科学出版社出版社,1991 |
| 271:插图;20cm |
| ISBN 7-03-002466-4: |
| ● |
| 相关链接 |
|
|
|
|
正题名:酶化学影响与应用
索取号:Q55/h10
 
预约/预借
| 序号 | 登录号 | 条形码 | 馆藏地/架位号 | 状态 | 备注 |
| 1 | 6001174 | 260011748 | 密集书库-化学系/ [索取号:Q55/h10] | 在馆 | |
| 2 | 6001175 | 260011757 | 密集书库-化学系/ [索取号:Q55/h10] | 在馆 |